• 首页
  • 本馆介绍
  • 公告通知
  • 最新文献
  • 馆藏检索
  • 电子资源
  • 读者导购
  • 参考咨询
  • 我的图书馆
  • 登录
  • 详细信息显示
  • 放入我的书架
  • 预约/预借图书
  • 作者相关作品
  • 分类相关作品
  • 丛书相关作品
  • 出版社相关作品

书目信息

  • 表格格式
  • 工作单格式
  • 卡片格式
题名:
做自己的心理调节师
    
 
作者: 洪琳 编著
分册:  
出版信息: 北京   中国纺织出版社  2019
页数: 200页
开本: 21cm
丛书名:
单 册:
中图分类: R395.6-49
科图分类:
主题词: 心理调节--xin li tiao jie--通俗读物
电子资源:
ISBN: 978-7-5180-6067-2
000 00907nam0 2200253 450
001 012001000064
005 20131104163744.0
010    @a978-7-5180-6067-2@dCNY39.80
099    @aCAL 012019098715
100    @a20190524d2019 em y0chiy50 ea
101 0  @achi
102    @aCN@b110000
105    @ay a 000yy
106    @ar
200 1  @a做自己的心理调节师@Azuo zi ji de xin li tiao jie shi@f洪琳编著
210    @a北京@c中国纺织出版社@d2019
215    @a200页@d21cm
320    @a有书目 (第200页)
330    @a本书以心理学知识为依托,从生活、工作、社交等各个方面入手,向读者朋友介绍了多种心理调节的实用方法,将教会您应对焦虑、抑郁等负性情绪的方法,帮助您缓解心理压力,打开心理郁结,找回坚强并且自信的自己。
606 0  @a心理调节@Axin li tiao jie@j通俗读物
690    @aR395.6-49@v5
701  0 @a洪琳@Ahong lin@4编著
801  0 @aCN@b北京卓展文化@c20191020
905    @b1195225-8@dR395.6-49@e324@f4
    
    做自己的心理调节师/洪琳编著.-北京:中国纺织出版社,2019
    200页;21cm
    
    
    ISBN 978-7-5180-6067-2:CNY39.80
    本书以心理学知识为依托,从生活、工作、社交等各个方面入手,向读者朋友介绍了多种心理调节的实用方法,将教会您应对焦虑、抑郁等负性情绪的方法,帮助您缓解心理压力,打开心理郁结,找回坚强并且自信的自己。
●
相关链接 在E读中查询图书 在五车中查询图书 在当当中查询图书 在豆瓣中查询图书


正题名:做自己的心理调节师     索取号:R395.6-49/324         预约/预借

序号 登录号 条形码 馆藏地/架位号 状态 备注
1 1195225   211952252   第二样本阅览室/ [索取号:R395.6-49/324] 在馆    
2 1195226   211952261   第三借阅区/ [索取号:R395.6-49/324] 在馆    
3 1195227   211952270   第三借阅区/ [索取号:R395.6-49/324] 在馆    
4 1195228   211952289   第三借阅区/ [索取号:R395.6-49/324] 在馆    
唐山师范学院图书馆 欢迎您!
大连网信软件有限公司© 版权所有